000 00704nam a2200217Ia 4500
005 20250425162814.0
008 250425s9999 xx 000 0 und d
020 _a9783319564746
041 _z
_heng
082 _a629.22
_pHAU
100 _aHauschild, Michael Z.
245 0 _aLife Cycle Assessment
_bTheory And Practice
_cMichael Z. Hauschild
260 _z
_bSpringer International Publishing
_c2018.
300 _a1216 p.
_bIlustrado
_c24 cm.
500 _aIncluye Tabla de Contenido, Indice
504 _aContiene Referencias
650 _aCiclo de Vida del Producto
_eGas Natural
_vVida Util
_xVehiculos
700 _aRosenbaum, Ralph K., Irving Olsen, Stig
942 _c01
010 _a109351
999 _c236797
_d236797